00469 2200193 4500001002100000005001500021008004100036020002200077035001900099041000700118082000800125090001600133100001900149245003200168250000900200260002100209300002900230650001600259INLIS00000000000528220241224113054241224||||||||| | ||| |||| || |  a978-979-756-857-3 0010-1224005282 aid0 a336 a336.2 MOH P0 aMohammad Yamin00aPAJAK PENGHASILAN jilid III aED 1 bGraha Ilmuc2012 axx+98 HAL,; 1 JIL, 26 CM 0aIlmu Sosial